Stati per produzione di castagne - Statistics

Statistiche generali
  • Questo quiz è stato fatto 29 volte
  • Il punteggio medio è 10 su 15
Statistiche sulle risposte
Continente Produzione (tonnellate) Stato % Corretto
Asia 1 879 031 Cina
96%
Europa 50 889 Italia
96%
America del Sud 3 009 Cile
91%
Europa 8 642 Francia
91%
Asia / Europa 64 750 Turchia
91%
Europa 16 185 Spagna
87%
America del Sud 84 813 Bolivia
83%
Europa 26 780 Portogallo
83%
Europa 31 557 Grecia
70%
Asia 16 500 Giappone
65%
Asia 56 244 Corea del Sud
43%
Asia / Europa 728 Azerbaigian
39%
Europa 6 040 Albania
30%
Europa 1 141 Bosnia ed Erzegovina
22%
Asia 12 540 Corea del Nord
13%
Nessun quiz corrispondente trovato
Distribuzione punteggi
Percentuale di utenti per punteggio
Percentile per numero di risposta
I tuoi punteggi nel tempo
Non hai fatto questo quiz